1779 1540 1355 1426 1666 1106 1096 1325 1770 1193 1899 1167 1418 1328 1821 1602 1689 1168 1427 1115 1823 1033 1885 1857 1440 1509 1702 1363 1738 1502 1016 1156 1246 1749 1920 1766 1086 1662 1156 1625 1569 1935 1811 1390 1990 1106 1998 1711 1588 1916 1324 1249 1480 1381 1430 1233 1140 1269 1466 1500 1553 1461 1868 1793 1632 1963 1390 1366 1123 1507 1755 1553 1908 1847 1482 1829 1952 1584 1462 1275 1085 1049 1450 1345 1164 1127 1591 1814 1502 1873 1005 1018 1992 1776 1980 1547 1289 1541 1013 BCNSPRNW ULIB Ver.6.0+V

เปลี่ยนเป็นภาษาไทย

Change to English
 แสดงรายละเอียดบรรณานุกรม
  กลับหน้าหลัก

Brief Record : Get Marc (ISO 2709) : E-mail record : QR code < ปิดหน้าต่าง
LEADER : 00000nam 2200000uu 4500
001    13399108268
003     ULIB
008    110225s2552||||th 000 0 tha d
020    9789746724098
060 04 WW140^bส286ร 2552
245 00 โรคตาที่พบบ่อยในเวชปฏิบัติ /^cบรรณาธิการ, สมสงวน อัษญคุณ... [และคนอื่น ๆ]
260    เชียงใหม่ :^bภาควิชาจักษุวิทยา คณะแพทยศาสตร์มหาวิทยาลัยเชียงใหม่,^c2552
300    xvii, 396 หน้า :^bภาพประกอบ ;^c29 ซม.
650  2 Eye Diseases
650  2 Ophthalmology
650  7 ตา, โรค
700 0  สมสงวน อัษญคุณ,^eบรรณาธิการ
710 2  มหาวิทยาลัยเชียงใหม่. ^bคณะแพทยศาสตร์. ^bภาควิชาจักษุวิทยา
945    ^p900^l0^i028992
945    ^p900^l0^i028991
945    ^p900^l0^i028283
945    ^p900^l0^i028282
945    ^p900^l0^i028281
945    ^p900^l0^i028284
945    ^p900^l0^i028280
995     ทศพร
999 ^a ใช้งานได้ทุกระบบ
รายการนี้ยังไม่มีแท็ก
คุณยังไม่ได้ล็อกอิน คุณสามารถมีกิจกรรมร่วมกับเว็บไซต์ได้ แต่ต้องล็อกอินก่อน ::
  ล็อกอิน

รายการสื่อสารสนเทศ

ลำดับที่ ประเภท เลขเรียก/บาร์โค้ด สถานที่ สถานะ
- ไม่พบข้อมูล -

รายการใกล้เคียง
    หัวเรื่อง [Eye Diseases]
    หัวเรื่อง [Ophthalmology]
    หัวเรื่อง [ตา, โรค]

BibComment


ยังไม่เคยถูกคอมเมนท์

คอมเมนท์ทรัพยากรรายการนี้
  คอมเมนท์: โรคตาที่พบบ่อยในเ..


 Copyright 2026. Bcnsprnw @Library